|
|
|
|
| LEADER |
00000nam a2200000Ii 4500 |
| 001 |
DIGUANTIQ013 |
| 003 |
NyNyDIG |
| 006 |
m o d |
| 007 |
cr ||||||||||| |
| 008 |
220507s2021 ck ob 100 0 spa d |
| 035 |
|
|
|a (OCoLC)1289371377
|
| 040 |
|
|
|a DGITA
|b eng
|e rda
|e pn
|c DGITA
|
| 020 |
|
|
|a 9786287519053
|q eBook
|q ePub
|
| 020 |
|
|
|z 9786287519046
|
| 050 |
1 |
4 |
|a HM1116 ebook
|
| 100 |
1 |
|
|a Sauret, Marie Jean,
|e author.
|
| 245 |
1 |
0 |
|a Violencia, segregación e inclusión :
|b paradojas actuales /
|c Marie-Jean Sauret, Sidi Askofaré y Gloria Patricia Peláez Jaramillo ; traducción, Jaime Velásquez, Kelly Vargas García y Gloria Patricia Peláez Jaramillo.
|
| 250 |
|
|
|a Primera edición.
|
| 264 |
|
1 |
|a Medellín, Colombia :
|b Universidad de Antioquia, Facultad de Ciencias Sociales y Humanas,
|c [2021]
|
| 300 |
|
|
|a 1 online resource.
|
| 336 |
|
|
|a text
|b txt
|2 rdacontent
|
| 337 |
|
|
|a computer
|b c
|2 rdamedia
|
| 338 |
|
|
|a online resource
|b cr
|2 rdacarrier
|
| 347 |
|
|
|a text file
|2 rdaft
|
| 347 |
|
|
|b EPUB
|
| 490 |
1 |
|
|a FCSH investigación. Psicoanálisis
|
| 500 |
|
|
|a "Este libro es el resultado del Seminario internacional Violencia, segregación e inclusión: paradojas actuales, realizado en Medellín, Colombia, en agosto del año 2019, como parte del convenio marco para el intercambio académico y científico entre la Universidad de Toulouse (Jean Jaurès), Francia, y la Universidad de Antioquia, Colombia".
|
| 504 |
|
|
|a Includes bibliographical references.
|
| 588 |
0 |
|
|a Online resource; title from ePub title page (Digitalia, viewed May 7, 2022)
|
| 650 |
|
0 |
|a Violence
|v Congresses.
|
| 650 |
|
0 |
|a Segregation
|v Congresses.
|
| 650 |
|
0 |
|a Social integration
|v Congresses.
|
| 655 |
|
0 |
|a Electronic books.
|
| 700 |
1 |
|
|a Askofaré, Sidi,
|e author.
|
| 700 |
1 |
|
|a Peláez Jaramillo, Gloria Patricia,
|e author,
|e translator.
|
| 700 |
1 |
|
|a Velasquez, Jaime
|c (Translator),
|e translator.
|
| 700 |
1 |
|
|a Vargas García, Kelly,
|e translator.
|
| 711 |
2 |
|
|a Seminario Internacional Violencia, Segregación e Inclusión: Paradojas Actuales
|d (2019 :
|c Medellín, Colombia)
|
| 791 |
2 |
|
|a Digitalia (Firm),
|e distributor.
|
| 793 |
0 |
|
|g Digitalia eBook Collection:
|a Universidad de Antioquia
|
| 776 |
0 |
8 |
|i Print version:
|a Sauret, Marie Jean.
|t Violencia, segregación e inclusión.
|b Primera edición.
|d Medellín, Colombia : Universidad de Antioquia, Facultad de Ciencias Sociales y Humanas, [2021]
|z 9786287519046
|
| 830 |
|
0 |
|a FCSH investigación (Universidad de Antioquia. Facultad de Ciencias Sociales y Humanas).
|p Psicoanálisis.
|
| 856 |
4 |
0 |
|3 Digitalia Hispánica
|u https://www.digitaliapublishing.com/a/111224/
|
| 910 |
|
|
|a Premium collection: 2022
|